Statystyki dla Wyznacz trasę Marco Polo

Kliknij tutaj aby rozwiązać quiz!

Ogólne statystyki

  • Ten quiz został rozwiązany 7 008 razy
  • Średni wynik to 16 z 20

Odpowiedzi na mapie

Odpowiedzi skodowane kolorowo w zielono-czerwonej skali na mapie do tego quizu, zgodnie z poniższymi procentami.
 

Statystyki odpowiedzi

Państwo% Poprawnych
Włochy
99%
Izrael
95%
Turcja
94%
Irak
92%
Iran
91%
Afganistan
89%
Chiny
83%
Mongolia
82%
Chiny
81%
Mjanma
78%
Tadżykistan
78%
Chiny
76%
Wietnam
75%
Indie
71%
Indonezja
71%
Malezja
71%
Sri Lanka
71%
Iran
70%
Turcja
70%
Włochy
70%

Rozkład punktacji

Percentyl według liczby udzielonych odpowiedzi

Procent ludzi z każdym wynikiem

Twoja historia wyników

Nie rozwiązałeś tego quizu